Administração e Organização Escolar (Registo nº 710)
[ vista simples ]
| 000 -Etiqueta do registo | |
|---|---|
| Cabeçalho | 00733nam0a22002891 4500 |
| 005 - Identificador da versão | |
| Campo de controlo | 20240822154038.0 |
| 010 ## - Número internacional normalizado dos livros (ISBN) | |
| Número (ISBN) | 978972342232 |
| 021 ## - Número do Depósito Legal | |
| Código do país | PT |
| Número | 253299/07 |
| 035 ## - Other System Control Numbers | |
| System Control Number | 0000740 |
| System Control Number | 0000735 |
| System Control Number | 0000735 |
| System Control Number | 0000723 |
| 100 ## - Dados gerais de processamento | |
| Dados gerais de processamento | 20070924d2007 m y0pory5003 ba |
| 101 0# - Língua de publicação | |
| Língua do texto, banda sonora, etc. | Português |
| Língua do documento no original | Português |
| 102 ## - Pais de publicação ou produção | |
| País de publicação | Portugal |
| 105 ## - Campo de dados codificados: livros | |
| Dados codificados dos livros | y z 001yy |
| 106 ## - Campo de dados codificados: material textual | |
| Dados codificados do material textual | r |
| 200 1# - Titulo e menção de responsabilidade | |
| Título próprio | Administração e Organização Escolar |
| Informação de outro título | O Direito Administrativo da Escola |
| Primeira menção de responsabilidade | Catarina Sarmento e Castro |
| 205 ## - Menção da edição | |
| Menção da edição | 1ª ed |
| 210 ## - Publicação, Distribuição, etc. | |
| Lugar da edição, distribuição, etc. | Porto |
| Nome do editor, distribuidor, etc. | Porto Editora |
| Data da publicação, distribuição, etc. | 2007 |
| 215 ## - Descrição física | |
| Indicação específica da natureza do documento e extensão da espécie | 174p. |
| Outras indicações físicas | s/il |
| Dimensões | cm |
| 225 2# - Colecção | |
| Título próprio da colecção | Educação |
| Indicação de volume | 23 |
| 675 ## - Classificação Decimal Universal (CDU) | |
| Notação | 34 |
| Edição | Porto Editora |
| Língua da edição | por |
| 700 #1 - Nome de autor-pessoa física (responsabilidade principal) | |
| Número de registo de entrada de autoridade | 0000947 |
| Palavra de ordem | Castro |
| 942 ## - Elementos de entrada adicionados (Koha) | |
| Tipo de item no Koha | Livro |
| Situação do levantamento | Origin of item (home branch) (coded) | Biblioteca de empréstimo | Código de barras | Circulation type (not for loan) | Tipo de documento | Nota do exemplar | Damaged status |
|---|---|---|---|---|---|---|---|
| Biblioteca Escolar Eng. Nuno Mergulhão | Biblioteca Escolar Eng. Nuno Mergulhão | BENM1199 | Livro | Sem mensagem |
